[Event "Paris Apsap op 33rd"]
[Site "Paris"]
[Date "2002.??.??"]
[Round "4"]
[White "Grichkevitch, Gilles"]
[Black "Wagneur, Manuel"]
[Result "1-0"]
[WhiteElo "2166"]
[BlackElo "1870"]
[PlyCount "55"]
[EventDate "2002.10.11"]
[EventType "tourn"]
[EventRounds "7"]
[EventCountry "FRA"]
[SourceTitle "EXT 2003"]
[Source "ChessBase"]
[SourceDate "2002.11.25"]
[SourceVersion "1"]
[SourceVersionDate "2002.11.25"]
[SourceQuality "1"]

1. e4 d6 2. d4 Nf6 3. Nc3 e5 4. Bg5 c6 5. Nge2 Nbd7 6. Qd2 Qc7 7. f4 h6 8. Bh4 exf4 9. Bxf6 Nxf6 10. Qxf4 Be6 11. 0-0-0 0-0-0 12. d5 cxd5 13. exd5 Bg4 14. h3 Bh5 15. g4 Bg6 16. Nd4 a6 17. Bd3 Bxd3 18. Rxd3 Kb8 19. Kb1 Ne8 20. Qf2 g6 21. Ncb5 axb5 22. Rc3 Qd7 23. Nc6+ bxc6 24. Qb6+ Kc8 25. Rxc6+ Qc7 26. Re1 Kd7 27. Qxb5 Qb8 28. Rc7+ 1-0

[Event "Paris Apsap 61mn KO op 34th"]
[Site "Paris"]
[Date "2002.??.??"]
[Round "5"]
[White "Wagneur, Manuel"]
[Black "Jablonski, Noham"]
[Result "0-1"]
[WhiteElo "1870"]
[BlackElo "2182"]
[PlyCount "50"]
[EventDate "2002.08.18"]
[EventType "swiss (rapid)"]
[EventRounds "7"]
[EventCountry "FRA"]
[SourceTitle "EXT 2003"]
[Source "ChessBase"]
[SourceDate "2002.11.25"]
[SourceVersion "1"]
[SourceVersionDate "2002.11.25"]
[SourceQuality "1"]

1. c4 c5 2. Nf3 Nf6 3. Nc3 d5 4. cxd5 Nxd5 5. g3 Nc6 6. Bg2 Nc7 7. 0-0 e5 8. d3 Be7 9. b3 0-0 10. Bb2 Bd7 11. h3 Rc8 12. Rc1 b6 13. e3 Ne6 14. Qe2 f5 15. Nd5 Bd6 16. Rcd1 Be8 17. d4 e4 18. Ne5 cxd4 19. exd4 Bb8 20. Nxc6 Bxc6 21. Ne3 Bb7 22. b4 f4 23. gxf4 Nxf4 24. Qg4 Qd6 25. d5 Ne2+ 0-1